000 01568nam a2200373 i 4500
001 DIGRILEDIT1410
003 NyNyDIG
007 cr |||||||||||
008 240913s2023 cl ab ob 000 0 spa d
006 m o d
035 _a(OCoLC)1456948094
040 _aDGITA
_beng
_erda
_epn
_cDGITA
020 _z9789560114617
043 _as-cl---
050 1 4 _aTD244.S2 ebook
100 1 _aFernández-Domingo, Enrique,
_d1969-
_eauthor.
245 1 0 _aSantiago de Chile, una capital en el mundo :
_bproyecto y construcción de la red de alcantarillado y distribución de agua potable (1870-1910) /
_cEnrique Fernández Domingo.
264 1 _aSantiago de Chile :
_bRiL editores,
_c[2023]
300 _a1 online resource :
_billustrations, maps.
336 _atext
_btxt
_2rdacontent
337 _acomputer
_bc
_2rdamedia
338 _aonline resource
_bcr
_2rdacarrier
347 _atext file
_2rdaft
347 _bPDF
504 _aIncludes bibliographical references.
588 0 _aOnline resource; title from PDF title page (Digitalia, viewed September 13, 2024)
650 0 _aWater-supply
_zChile
_zSantiago
_xHistory.
791 2 _aDigitalia (Firm),
_edistributor.
793 0 _gDigitalia eBook Collection:
_aRil Editores
776 0 8 _iPrint version:
_aFernández-Domingo, Enrique, 1969-
_tSantiago de Chile, una capital en el mundo.
_bPrimera edición.
_dSantiago de Chile : RiL editores, [2023]
_z9789560114617
856 4 0 _3Digitalia Hispánica
_uhttps://www.digitaliapublishing.com/a/156788/
910 _aPremium collection: 2024
942 _cRAA
999 _c286753
_d286753